Guess the Doctor Who Episode (Series 1-4) - Statistics

General Stats
  • This quiz has been taken 964 times
  • The average score is 11 of 15
Answer Stats
Hint Answer % Correct
Don't Blink! Blink
97%
Sarah Jane returns School Reunion
88%
There's something on your back Turn left
88%
Rose's first trip The End of the World
85%
Are you my mummy? The Empty Child
84%
London 2012 Olympics Fear Her
77%
Rose absorbs the time vortex Parting of the Ways
77%
Agatha Christie The Unicorn and the Wasp
77%
Adipose Industries Partners in Crime
72%
Max Capricorn Cruise Lines Voyage of the Damned
72%
Pilot fish Santas The Christmas Invasion
70%
Sir Doctor of TARDIS Tooth and Claw
65%
Plasmavore Smith and Jones
56%
Four drum beats The Sound of Drums
54%
London Investigation 'n' Detective Agency Love and Monsters
43%
No matching quizzes found
Score Distribution
Percent of People with Each Score
Percentile by Number Answered
Your Score History
You have not taken this quiz